| 000 | 01739cas a2200289 a 4500 | ||
|---|---|---|---|
| 005 | 20250116063854.0 | ||
| 006 | s|||||o|||| 00| 0 | ||
| 008 | 991125c2000 sp ar p|o 000 0 spa d | ||
| 022 | _a2172-7775 | ||
| 035 | _aUPN01000199628 | ||
| 040 |
_aMX-MxUPN _bspa _eaacr2 |
||
| 049 | _aREV-E | ||
| 245 | 0 | 0 |
_aFuentes _b: revista de la Facultad de Ciencias de la Educación _h[recurso electrónico en línea] |
| 260 |
_aSevilla : _bUniversidad de Sevilla, Facultad de Ciencias de la Educación, _c2000- |
||
| 310 | _aAnual | ||
| 506 | 0 | _aAcceso abierto | |
| 510 | 1 | _aRebiun | |
| 510 | 1 | _aDialnet | |
| 510 | 1 | _aLatindex | |
| 520 | 1 |
_a"Es una publicación científica de la Facultad de Ciencias de la Educación de la Universidad de Sevilla para la difusión de ensayos y estudios, experiencias innovadoras relacionadas con la educación en cualquiera de sus campos de acción, contando para ello con las aportaciones de profesores e investigadores del ámbito nacional e internacional, todas ellas sometidas a evaluación externa. La temática elegida en cada número procura estar en sintonía con los acontecimientos sociales y educativos más relevantes de cada momento. La revista Fuentes, abierta a todos los profesionales, se ofrece como un instrumento para difundir las buenas prácticas en educación, para la investigación pedagógica, la reflexión y el intercambio de experiencias marcados por la calidad en la educación". _cFuentes : revista de la Facultad de Ciencias de la Educación. |
|
| 650 | 4 |
_aEducación _9682 |
|
| 650 | 4 |
_aPsicología _938 |
|
| 856 | 4 | 0 | _uhttp://institucional.us.es/fuentes/ |
| 856 | 4 | 0 | _uhttp://dialnet.unirioja.es/servlet/revista?codigo=1816 |
| 905 | _aRevista | ||
| 942 | _cREV-E | ||
| 999 |
_c171729 _d171729 |
||